[Event "ch-USA"]
[Site "San Diego USA"]
[Date "2004.12.02"]
[Round "7"]
[White "Benjamin,Joe"]
[Black "Gonzalez,Ren"]
[Result "1/2-1/2"]
[WhiteElo "2554"]
[BlackElo "2428"]
[EventDate "2004.11.06"]

1. e4 d5 2. exd5 Qxd5 3. Nc3 Qa5 4. Bc4 Nf6 5. d3 Bg4 6. f3 Bd7 7. Nge2 e6
8. O-O Be7 9. Kh1 c5 10. Qe1 Qd8 11. Be3 O-O 12. Qf2 b6 13. d4 cxd4 14.
Nxd4 Nc6 15. Rad1 Nxd4 16. Bxd4 Qc7 17. Qe2 Bc6 18. Be5 Qc8 19. Nb5 Bxb5
20. Bxb5 Qc5 21. Bd4 Qc7 22. Be5 Qc5 23. Bd4 Qc7 24. Qc4 Qxc4 25. Bxc4 Rfd8
26. c3 Kf8 27. Rfe1 Bc5 28. Be5 Ke7 29. Bc7 Rxd1 30. Rxd1 Ne8 31. Bf4 Rd8
32. Rxd8 Kxd8 33. g4 h6 34. Kg2 g5 35. Bd2 Ke7 36. f4 f6 37. h4 gxh4 38. b4
Bd6 39. Kh3 f5 40. Bd3 Nf6 41. gxf5 exf5 42. Bxf5 Nd5 43. Kg4 h3 44. Kxh3
Bxf4 45. Be1 Be5 46. c4 Bc3 47. Bh4+ Nf6 48. a3 Bb2 49. a4 Bc3 50. b5 Kd6
51. Bf2 Nd7 52. Bxd7 Kxd7 53. Bg3 Bd2 54. Kg4 Kc8 55. Be5 Kb7 56. Kh5
1/2-1/2

[Event "ch-USA"]
[Site "San Diego USA"]
[Date "2004.12.02"]
[Round "7"]
[White "Goletiani,R"]
[Black "Wojtkiewicz,A"]
[Result "0-1"]
[WhiteElo "2336"]
[BlackElo "2539"]
[EventDate "2004.11.06"]

1. e4 c5 2. Nf3 d6 3. Bb5+ Nd7 4. O-O Ngf6 5. d4 a6 6. Bxd7+ Nxd7 7. Bg5 h6
8. Be3 e6 9. dxc5 dxc5 10. Nbd2 Qc7 11. a4 b6 12. Nc4 Bb7 13. Nfd2 Be7 14.
Qg4 g6 15. Bf4 e5 16. Be3 h5 17. Qe2 O-O 18. Bh6 Rfe8 19. Rfe1 Kh7 20. Be3
Bc6 21. b3 b5 22. Nb2 Nf8 23. f3 Ne6 24. Qf2 Rad8 25. axb5 axb5 26. c3 Ra8
27. Nd3 Qd6 28. Nb2 Red8 29. Nf1 Qc7 30. Qg3 Be8 31. Nd2 Nf4 32. Bxf4 exf4
33. Qf2 Bf6 34. e5 Rxa1 35. Rxa1 Qxe5 36. Ne4 Be7 37. Re1 Bc6 38. Qc2 Qc7
39. Nd3 c4 40. Ndf2 cxb3 41. Qxb3 Kg7 42. Qb2 Kg8 43. Kh1 Bh4 44. Rf1 Qe5
45. Nh3 Rd3 46. Qe2 Re3 47. Qd1 Kg7 48. Qd2 Bxe4 49. fxe4 Rxe4 50. Nxf4 Bg5
51. g3 Bxf4 52. gxf4 Qf5 53. Qf2 Rc4 54. Qe3 Qf6 55. Rf3 Qf5 56. Qe5+ Qxe5
57. fxe5 Re4 58. Kg2 Rxe5 59. Rd3 Re4 60. Rd5 b4 61. cxb4 Rxb4 62. Kg3 Rg4+
63. Kf3 Ra4 64. Kg3 h4+ 65. Kh3 Kh6 66. Rb5 f5 67. Rc5 Kh5 68. Rc3 g5 69.
Rc2 g4+ 70. Kg2 h3+ 71. Kf2 Ra1 72. Rc8 Kg5 73. Rc2 Rh1 74. Ke3 f4+ 75. Ke4
Re1+ 76. Kd3 g3 77. hxg3 fxg3 0-1